000 00231nam a2200085Ia 4500
008 170620s9999 xx 000 0 und d
100 _aEdiger- Marlow
245 0 _aCurriculum of School Subjects
260 _bNew Delhi- Discovery Publishing House
260 _c2005
999 _c24243
_d24243